| 000 | 00759cam a22002533a 4500 | ||
|---|---|---|---|
| 001 | 32103 | ||
| 003 | PGUSA | ||
| 005 | 20140828083708.0 | ||
| 008 | 100423s2010||||xxu|||||s|||||000 1 eng d | ||
| 040 |
_aPGUSA _beng |
||
| 042 | _adc | ||
| 050 | 4 | _aPZ | |
| 100 | 1 |
_aFinley, Martha, _d1828-1909 |
|
| 245 | 1 | 0 |
_aElsie in the South _h[electronic resource] / _cMartha Finley |
| 260 |
_bProject Gutenberg, _c2010 |
||
| 506 | _aPublic domain in the USA. | ||
| 516 | _aElectronic text | ||
| 653 | _aDinsmore, Elsie (Fictitious character) -- Juvenile fiction | ||
| 653 | _aLouisiana -- Juvenile fiction | ||
| 653 | _aChristian life -- Juvenile fiction | ||
| 830 | 0 |
_aProject Gutenberg _v32103 |
|
| 856 | 4 | 0 | _uhttp://www.gutenberg.org/ebooks/32103 |
| 942 | _cEB | ||
| 999 |
_c261358 _d261358 |
||